Earth in the Balance Ecology and the Human Spirit
Na minha lista:
| Autor principal: | |
|---|---|
| Formato: | Livro |
| Idioma: | inglês |
| Publicado em: |
Boston
Houghton Mifflin Co.
1992
|
| Edição: | 1. ed. |
| Assuntos: | |
| Tags: |
Sem tags, seja o primeiro a adicionar uma tag!
|
MARC
| LEADER | 00000nam a2200000 4500 | ||
|---|---|---|---|
| 001 | c018974 | ||
| 005 | 20221206083040.8 | ||
| 020 | |a 0-395-57821-3 | ||
| 041 | 0 | |a eng | |
| 044 | |a US | ||
| 245 | 1 | 0 | |a Earth in the Balance |b Ecology and the Human Spirit |c Al Gore |
| 250 | |a 1. ed. | ||
| 264 | 1 | |a Boston |b Houghton Mifflin Co. |c 1992 | |
| 300 | |a 407 s. | ||
| 610 | 2 | 0 | |a prostredie životné |
| 610 | 2 | 0 | |a prostredie prírodné |
| 610 | 2 | 0 | |a ekológia |
| 610 | 2 | 0 | |a ekológia krajiny |
| 610 | 2 | 0 | |a kríza |
| 610 | 2 | 0 | |a ochrana ovzdušia |
| 610 | 2 | 0 | |a ochrana prírody |
| 610 | 2 | 0 | |a ochrana prostredia životného |
| 610 | 2 | 0 | |a znečistenie ovzdušia |
| 610 | 2 | 0 | |a znečistenie pôdy |
| 610 | 2 | 0 | |a znečistenie vôd |
| 100 | 1 | |a Gore, Al | |